[Event "FSIM April"]
[Site "Budapest HUN"]
[Date "2010.04.07"]
[Round "5"]
[White "Brustkern,J"]
[Black "Turzo,A"]
[Result "1/2-1/2"]
[WhiteElo "2255"]
[BlackElo "2290"]

1.d4 Nf6 2.c4 e6 3.Nc3 Bb4 4.f3 d5 5.a3 Be7 6.e4 dxe4 7.fxe4 e5 8.d5 Bc5
9.Nf3 Bg4 10.h3 Bxf3 11.Qxf3 Nbd7 12.Bd3 O-O 13.Bd2 a5 14.Rb1 a4 15.Bc2 Nb6
16.Bg5 Nxc4 17.Nxa4 Be7 18.Nc3 Nd7 19.Bxe7 Qxe7 20.Qe2 Qh4+ 21.Qf2 Ne3 22.g3 Nxc2+
23.Kd2 Qg5+ 24.Kxc2 f5 25.h4 Qg4 26.Rbe1 fxe4 27.Qe2 Qxg3 28.Nxe4 Qg6 29.h5 Qh6
30.Kb1 Nf6 31.Qc4 Nxe4 32.Rxe4 Qd6 33.h6 g6 34.Rhe1 Rae8 35.Qb3 b6 36.Rc1 Rf7
37.Rc6 Qd8 38.Ka2 Ree7 39.Qc4 Qf8 40.d6 cxd6 41.Rxd6 Qxh6 42.Rxb6 Kg7 43.Qd5 Qg5
44.a4 Rf1 45.Qd8 Rf8 46.Qd5 h5 47.a5 h4 48.Rc4 Kh6 49.Rcc6 Rg7 50.Re6 e4
51.Re5 Qg4 52.Rxe4 Qg3 53.Re5 Qg4 54.Re4  1/2-1/2

[Event "Sydney Int Open"]
[Site "Parramatta AUS"]
[Date "2010.04.07"]
[Round "2"]
[White "Steadman,M"]
[Black "Panchanathan,M"]
[Result "0-1"]
[WhiteElo "2264"]
[BlackElo "2543"]

1.d4 Nf6 2.c4 e6 3.Nc3 Bb4 4.f3 d5 5.a3 Bxc3+ 6.bxc3 c5 7.cxd5 Nxd5 8.dxc5 Qa5
9.e4 Nf6 10.Be3 O-O 11.Qb3 Nfd7 12.Qb4 Qc7 13.a4 Nc6 14.Qa3 b6 15.cxb6 axb6
16.Bb5 Ba6 17.c4 Nce5 18.Rc1 Rfd8 19.Ne2 Nc5 20.O-O Rd3 21.Bxc5 Rxa3 22.Bxa3 Nd3
23.Rcd1 Bxb5 24.cxb5 Qc2 25.Nc1 Nf4  0-1

[Event "Open"]
[Site "Thessaloniki GRE"]
[Date "2010.04.09"]
[Round "6"]
[White "Kanakaris,G"]
[Black "Papadopoulos,Panay"]
[Result "1/2-1/2"]
[WhiteElo "2327"]
[BlackElo "1951"]

1.d4 Nf6 2.c4 e6 3.Nc3 Bb4 4.f3 c5 5.d5 b5 6.e4 bxc4 7.Bxc4 Nxd5 8.Bxd5 exd5
9.Qxd5 Nc6 10.Nh3 Ba6 11.Bd2 O-O 12.Qh5 Qb6 13.Nf4 Rae8 14.Nfd5 Qa5 15.Kf2 Qd8
16.g4 Bc4 17.Ne3 Ne5 18.Nf5 Nd3+ 19.Kg1 Bxc3 20.bxc3 g6  1/2-1/2

[Event "Sydney Int Open"]
[Site "Parramatta AUS"]
[Date "2010.04.10"]
[Round "8"]
[White "Steadman,M"]
[Black "Kunte,A"]
[Result "0-1"]
[WhiteElo "2264"]
[BlackElo "2528"]

1.d4 Nf6 2.c4 e6 3.Nc3 Bb4 4.f3 d5 5.a3 Bxc3+ 6.bxc3 O-O 7.cxd5 exd5 8.e3 Nh5
9.Qc2 Re8 10.Bd3 Qh4+ 11.Qf2 Nf4 12.Bf1 Qd8 13.g3 Ne6 14.Bd3 c5 15.Ne2 Nc6
16.h4 Qf6 17.Bb2 cxd4 18.cxd4 Nc5 19.Bc2 Na5 20.Bc3 Ncb3 21.Rb1 Bf5 22.Rxb3 Bxc2
23.Rb2 Nc4 24.Rxc2 Nxe3 25.Rc1 Rac8 26.Bd2 Nc2+ 27.Kf1 Qa6 28.Rh2 Qxa3 29.Nf4 b5
30.Nxd5 b4 31.Nxb4 Nxb4 32.Rxc8 Rxc8 33.Bxb4 Qxb4 34.Qb2 Qc4+ 35.Kf2 Qc2+
36.Ke3 Re8+ 37.Kf4 Qc7+ 38.Kg4 Qd7+ 39.Kf4 Qd6+ 40.Kg4 Qe6+ 41.Kf4 h5  0-1

[Event "IV Open"]
[Site "La Laguna ESP"]
[Date "2010.04.11"]
[Round "9"]
[White "Capote Robayna,N"]
[Black "Perez de la Torre,J"]
[Result "1-0"]
[WhiteElo "1933"]
[BlackElo "1688"]

1.d4 Nf6 2.c4 e6 3.Nc3 Bb4 4.f3 d5 5.a3 Be7 6.e3 c6 7.Bd3 Nbd7 8.Nge2 O-O
9.O-O e5 10.cxd5 Nxd5 11.Bc2 Bg5 12.Nxd5 cxd5 13.dxe5 Qb6 14.f4 Be7 15.Qxd5 Rd8
16.Qe4 g6 17.b4 Nf8 18.Qf3 Be6 19.Kh1 Rac8 20.Be4 Rc7 21.Bb2 Rd2 22.Bc3 Rxe2
23.Qxe2 Rxc3 24.Rfe1 Bc4 25.Qd2 Rb3 26.Bc2 Rb2 27.Qc3 Rxc2 28.Qxc2 Be6 29.Qd2 Nd7
30.e4 Nb8 31.Qc3 Nc6 32.Rf1 Qb5 33.Rac1 Qe2 34.f5 gxf5 35.exf5 Bd5 36.Qg3+ Kf8
37.f6 Bd8 38.Rcd1 Qe4 39.Qg7+ Ke8 40.Qg8+ Kd7 41.Qxf7+  1-0

[Event "Bicentenario"]
[Site "Lanus ARG"]
[Date "2010.04.16"]
[Round "5"]
[White "Barrionuevo,P"]
[Black "Contin,D"]
[Result "1-0"]
[WhiteElo "2327"]
[BlackElo "2309"]

1.d4 Nf6 2.c4 e6 3.Nc3 Bb4 4.f3 d5 5.a3 Bxc3+ 6.bxc3 c5 7.cxd5 Nxd5 8.dxc5 Qa5
9.e4 Ne7 10.Be3 O-O 11.Qb3 Nbc6 12.Nh3 e5 13.Kf2 Be6 14.Bc4 Bxc4 15.Qxc4 h6
16.g4 g5 17.Rhd1 Qa6 18.Qa2 Kg7 19.Rd6 Rad8 20.Rad1 Qa4 21.Nxg5 hxg5 22.Bxg5 Rxd6
23.Rxd6 f6 24.Qe6 Qc2+ 25.Kg3 Qxc3 26.Bxf6+ Kh7 27.Rd1 Qe3 28.g5 Qe2 29.g6+ Kh6
30.g7 Rxf6 31.Qxf6+ Kh7 32.Rg1 Qe3 33.Rg2 Ng8 34.Qf5+ Kh6 35.Kh3 Nce7 36.Qe6+ Kh7
37.Qg4 Qh6+ 38.Qh4 Nf6 39.g8=Q+ Nexg8 40.Qxh6+ Kxh6 41.Rb2 Nd7 42.Rxb7 Nxc5
43.Rxa7 Nf6 44.Rc7 Nd3 45.Kg2 Nh5 46.a4 Nhf4+ 47.Kf1 Kg5 48.a5 Nb4 49.Rg7+ Kf6
50.Rb7 Nfd3 51.a6 Nxa6 52.Rb6+ Kg5 53.Rxa6 Kf4 54.h4 Kxf3 55.Ra3 Kxe4 56.h5 Nf4
57.h6 Kf5 58.Ra6 Ng6 59.h7 Nh8 60.Ra8  1-0

[Event "9th Open"]
[Site "Malakoff FRA"]
[Date "2010.04.20"]
[Round "5"]
[White "Delalee,P"]
[Black "Panbukchian,V"]
[Result "1-0"]
[WhiteElo "1969"]
[BlackElo "2375"]

1.d4 Nf6 2.c4 e6 3.Nc3 Bb4 4.f3 d5 5.a3 Bxc3+ 6.bxc3 c5 7.cxd5 exd5 8.e3 O-O
9.Bd3 b6 10.Ne2 Re8 11.O-O Ba6 12.Bxa6 Nxa6 13.Ng3 Qd7 14.Qd3 Qa4 15.Bb2 Rad8
16.Rad1 Nc7 17.e4 Qb3 18.Qb1 Nb5 19.Qa1 Nd7 20.e5 cxd4 21.cxd4 Rc8 22.Rc1 Rc4
23.f4 Rec8 24.Nf5 R8c7 25.Rf3 Rxc1+ 26.Bxc1 Qd1+ 27.Rf1 Qe2 28.Ne7+ Kh8 29.Nxd5 Rc2
30.Ne3 Rc3 31.a4 Rxe3 32.axb5 Rb3 33.Qxa7 Nf8 34.Qxf7  1-0

[Event "9th Open"]
[Site "Malakoff FRA"]
[Date "2010.04.23"]
[Round "8"]
[White "Guilleux,F"]
[Black "David,Alb"]
[Result "1/2-1/2"]
[WhiteElo "2358"]
[BlackElo "2616"]

1.d4 Nf6 2.c4 e6 3.Nc3 Bb4 4.f3 d5 5.a3 Bxc3+ 6.bxc3 O-O 7.cxd5 exd5 8.e3 Nh5
9.Ne2 f5 10.g3 b6 11.Bg2 Ba6 12.O-O Nc6 13.Re1 Qf6 14.e4 fxe4 15.fxe4 Qf2+
16.Kh1 Rae8 17.Nf4 Nxg3+ 18.hxg3 Qxg3 19.e5 Re6 20.Bxd5 Nxd4 21.Qxd4 Qxe1+
22.Kh2 Bc8 23.Bb2 Qh4+ 24.Nh3 Qh5 25.Rg1 Kh8 26.Bxe6 Bxe6 27.Qd3 Rf3 28.Qd8+ Bg8
29.Rg3 Qxe5 30.Qg5 Rf5 31.Qd2 Rf3 32.Qg5 Rf5 33.Qd2 Rf3  1/2-1/2

[Event "ch-Commonwealth"]
[Site "Delhi IND"]
[Date "2010.05.11"]
[Round "3"]
[White "Bitan,B"]
[Black "Kravtsiv,M"]
[Result "0-1"]
[WhiteElo "2311"]
[BlackElo "2546"]

1.d4 Nf6 2.c4 e6 3.Nc3 Bb4 4.f3 d5 5.a3 Bxc3+ 6.bxc3 O-O 7.cxd5 exd5 8.e3 Nh5
9.g3 c5 10.Ne2 Bd7 11.Bg2 Qa5 12.O-O Ba4 13.Qe1 Nc6 14.g4 Nf6 15.Bd2 Rfe8
16.Nf4 Bb3 17.Qf2 Bc4 18.Rfe1 Qd8 19.h4 Na5 20.g5 Nd7 21.Bh3 Nb3 22.Rad1 Nb6
23.Bf5 Qd6 24.h5 Re7 25.Qh4 Rae8 26.Kf2 cxd4 27.cxd4 Nxd2 28.Rxd2 Nd7 29.g6 fxg6
30.Bxg6 hxg6 31.hxg6 Nf8 32.Rh1 Nxg6 33.Qh7+ Kf7 34.Rh5 Rh8 35.Rf5+ Ke8 36.Qxg6+ Qxg6
37.Nxg6 Rh2+ 38.Ke1 Rxe3+ 39.Kd1 Bb3+ 40.Kc1 Re1+  0-1

[Event "ch-Commonwealth"]
[Site "Delhi IND"]
[Date "2010.05.14"]
[Round "7"]
[White "Bitan,B"]
[Black "Venkatesh,M"]
[Result "1/2-1/2"]
[WhiteElo "2311"]
[BlackElo "2452"]

1.d4 Nf6 2.c4 e6 3.Nc3 Bb4 4.f3 d5 5.a3 Bxc3+ 6.bxc3 c5 7.cxd5 Nxd5 8.dxc5 f5
9.Nh3 Qa5 10.Qd2 Qxc5 11.Qd4 Qc7 12.e4 Nf6 13.exf5 O-O 14.Be2 Nc6 15.Qf4 Ne5
16.c4 exf5 17.O-O Bd7 18.Bb2 Rae8 19.Kh1 Qa5 20.c5 Ng6 21.Bc4+ Kh8 22.Qd4 Bb5
23.Bxb5 Qxb5 24.Rfe1 Re2 25.Bc3 Rfe8 26.Rxe2 Qxe2 27.Re1 Qb5 28.Rxe8+ Nxe8
29.Kg1 h6 30.Nf2 Qb1+ 31.Nd1 Kh7 32.h4 Nxh4 33.Kh2 f4  1/2-1/2

[Event "ch-Commonwealth"]
[Site "Delhi IND"]
[Date "2010.05.16"]
[Round "9"]
[White "Bitan,B"]
[Black "Swayams,M"]
[Result "1/2-1/2"]
[WhiteElo "2311"]
[BlackElo "2397"]

1.d4 Nf6 2.c4 e6 3.Nc3 Bb4 4.f3 d5 5.a3 Bxc3+ 6.bxc3 c6 7.Qc2 dxc4 8.e4 b5
9.a4 O-O 10.Bg5 Qc7 11.Bxf6 gxf6 12.Ne2 Nd7 13.Ng3 Kh8 14.Qd2 Rg8 15.f4 Bb7
16.Be2 a6 17.Bh5 Nf8 18.O-O Qe7 19.f5 c5 20.e5 cxd4 21.exf6 Qxf6 22.fxe6 dxc3
23.Qe3 Qxe6 24.Qxc3+ f6 25.Rxf6 b4 26.Rxe6+ bxc3 27.Re3 Bd5 28.Rxc3 Rc8 29.Bf3 Bxf3
30.gxf3 Ne6 31.Rac1 Nf4 32.R1c2 Nd3 33.Rxc4 Rxc4 34.Rxc4 Rf8 35.Rc3 Rxf3
36.Nf5 Rxf5 37.Rxd3  1/2-1/2

[Event "ch-HUN w"]
[Site "Nagykanizsa HUN"]
[Date "2010.05.16"]
[Round "3"]
[White "Goczo,M"]
[Black "Lakos,N"]
[Result "1/2-1/2"]
[WhiteElo "2234"]
[BlackElo "2289"]

1.d4 Nf6 2.c4 e6 3.Nc3 Bb4 4.f3 d5 5.a3 Bxc3+ 6.bxc3 h6 7.e3 O-O 8.cxd5 exd5
9.Bd3 b6 10.Ne2 Re8 11.O-O c5 12.c4 cxd4 13.Nxd4 Ba6 14.cxd5 Nxd5 15.Re1 Bxd3
16.Qxd3 Nd7 17.e4 Nc5 18.Qd2 Ne7 19.Rd1 Qd6 20.Qf4 Rad8 21.Qxd6 Rxd6 22.Bf4 Rd7
23.Nb5 Red8 24.Rxd7 Rxd7 25.Rb1 Nc8 26.Be3 Ne6 27.Rc1 Ne7 28.Kf2 a6 29.Nc3 b5
30.f4 f5 31.g3 Kf7 32.e5 g5 33.Rb1 Rd3 34.Rc1 gxf4 35.gxf4 Ng6 36.Ne2 Rxa3
37.Rc6 Ra2 38.Kf3 Nh4+ 39.Kf2 Ng6 40.Kf3 Nh4+ 41.Kf2 Ng2 42.Kxg2 Rxe2+ 43.Kf3 Rxh2
44.Rxa6 b4 45.Ra7+ Ke8 46.Ra8+ Kd7 47.Ra7+ Kc8 48.Ra8+ Kd7 49.Ra7+ Kc8 50.Ra8+ Kb7
51.Ra7+ Kb8 52.Ra6 Nc7 53.Rd6 Kc8  1/2-1/2

[Event "ch-HUN w"]
[Site "Nagykanizsa HUN"]
[Date "2010.05.21"]
[Round "7"]
[White "Toth,Li"]
[Black "Lakos,N"]
[Result "1-0"]
[WhiteElo "2175"]
[BlackElo "2289"]

1.d4 Nf6 2.c4 e6 3.Nc3 Bb4 4.f3 c5 5.a3 Bxc3+ 6.bxc3 Nc6 7.e3 O-O 8.Bd3 d6
9.Ne2 b6 10.O-O Ba6 11.e4 Ne8 12.f4 Na5 13.f5 Bxc4 14.Bxc4 Nxc4 15.Qd3 Na5
16.f6 Nb3 17.Bg5 Nxa1 18.Qg3 g6 19.Qh4 Nc2 20.Rf3 cxd4 21.Qh6 Nxf6 22.Bxf6 Qxf6
23.Rxf6 d3 24.Nc1 Nxa3 25.Qd2 Rfc8 26.Qxd3 Rc6 27.Qf3 Rc7 28.Ne2 Rac8 29.h4 Nb1
30.Qf4 e5 31.Qg5 Nxc3 32.Nxc3 Rxc3 33.Rxd6 h5 34.Qxe5 R3c5 35.Qf6 Rc4 36.e5 Re4
37.e6 Rxe6 38.Rxe6 Rc1+ 39.Kh2 fxe6 40.Qxg6+  1-0

[Event "ch-HUN w"]
[Site "Nagykanizsa HUN"]
[Date "2010.05.22"]
[Round "8"]
[White "Goczo,M"]
[Black "Rudolf,An"]
[Result "0-1"]
[WhiteElo "2234"]
[BlackElo "2344"]

1.d4 Nf6 2.c4 e6 3.Nc3 Bb4 4.f3 d5 5.a3 Bxc3+ 6.bxc3 O-O 7.Bg5 Nbd7 8.cxd5 exd5
9.e3 Re8 10.Qd2 Qe7 11.h4 h6 12.Bf4 Nh5 13.Kf2 Nxf4 14.exf4 c5 15.Ne2 Nb6
16.dxc5 Nc4 17.Qd4 Ne3 18.Qe5 Qd7 19.Qd6 Qb5 20.Nd4 Qb2+ 21.Be2 Nf5 22.Rab1 Qd2
23.Qe5 Rxe5 24.fxe5 Qe3+  0-1

[Event "64th Open ch-Ontario"]
[Site "Toronto CAN"]
[Date "2010.05.23"]
[Round "4"]
[White "Barrios,F"]
[Black "Gusev,N"]
[Result "1/2-1/2"]
[WhiteElo "2218"]
[BlackElo "2071"]

1.d4 Nf6 2.c4 e6 3.Nc3 Bb4 4.f3 c5 5.a3 Bxc3+ 6.bxc3 d6 7.e4 Nc6 8.Be3 b6
9.Bd3 e5 10.Ne2 O-O 11.d5 Na5 12.Ng3 Ba6 13.Qe2 Qd7 14.a4 Bc8 15.h4 Qe8 16.Bg5 Kh8
17.Bxf6 gxf6 18.Nh5 Qe7 19.g4 Rg8 20.Ra2 Rg6 21.Qe3 Bd7 22.Kf1 Rag8 23.Qc1 Be8
24.Qd1 Bd7 25.Rah2 Rc8 26.Ke1 Kg8 27.Ng3 Rg7 28.Nf1 Kh8 29.Ng3 Kg8 30.Ra2 Kh8
31.Kd2 Kg8 32.Kc1 Kh8 33.Kb2 Qd8 34.Ka3 a6 35.Kb2 b5 36.axb5 axb5 37.cxb5 c4
38.Bc2 Qb6 39.Ra4 Rc5 40.Rb4 Rxb5 41.Rxb5 Qxb5+ 42.Kc1 Qc5 43.Qd2 Qa3+ 44.Kd1 Nb3
45.Qh6 Qa1+ 46.Ke2 Qb2 47.Kd1 Qxc3 48.Rf1 Nd4 49.Qd2 Qa1+ 50.Qc1 Nxc2 51.Kxc2 Ba4+
52.Kd2 Qd4+  1/2-1/2

[Event "2nd SCS Open"]
[Site "Bhubaneswar IND"]
[Date "2010.05.25"]
[Round "6"]
[White "Aleksandrov,A"]
[Black "Kravtsiv,M"]
[Result "1/2-1/2"]
[WhiteElo "2604"]
[BlackElo "2546"]

1.d4 Nf6 2.c4 e6 3.Nc3 Bb4 4.f3 O-O 5.e4 d5 6.e5 Nfd7 7.cxd5 exd5 8.a3 Bxc3+
9.bxc3 f6 10.exf6 Qxf6 11.Ne2 Nb6 12.Nf4 c5 13.a4 Nc6 14.a5 Nc4 15.Nxd5 Qe6+
16.Qe2 N4xa5 17.Qxe6+ Bxe6 18.Nc7 cxd4 19.cxd4 Rad8 20.Kf2 Bd5 21.Bd3 Bb3
22.Be3 Rf7 23.Nb5 Bc4 24.Bxc4 Nxc4 25.Nxa7 Nxe3 26.Nxc6 Ng4+  1/2-1/2

[Event "83rd ch-StP"]
[Site "St Petersburg RUS"]
[Date "2010.05.26"]
[Round "10"]
[White "Ionov,S"]
[Black "Makarov,M"]
[Result "1/2-1/2"]
[WhiteElo "2542"]
[BlackElo "2518"]

1.d4 Nf6 2.c4 e6 3.Nc3 Bb4 4.f3 Nc6 5.e4 d5 6.cxd5 exd5 7.e5 Nh5 8.Be3 g6
9.Bb5 Bd7 10.Bxc6 Bxc6 11.Ne2 O-O 12.Qb3 a5 13.O-O f6 14.exf6 Nxf6 15.Bf4 Be7
16.a3 a4 17.Qc2 Nd7 18.Rae1 Bf6 19.Be3 Re8  1/2-1/2

[Event "XXIX Open A"]
[Site "Zalakaros HUN"]
[Date "2010.05.29"]
[Round "4"]
[White "Goczo,M"]
[Black "Bemak,M"]
[Result "1-0"]
[WhiteElo "2234"]
[BlackElo "2171"]

1.d4 Nf6 2.c4 e6 3.Nc3 Bb4 4.f3 d5 5.a3 Bxc3+ 6.bxc3 O-O 7.e3 b6 8.cxd5 exd5
9.Bd3 Re8 10.Ne2 Bb7 11.O-O Nbd7 12.g4 g6 13.Ng3 Nf8 14.Ra2 c5 15.Raf2 Ne6
16.h4 Qc7 17.Rg2 Ng7 18.h5 cxd4 19.cxd4 Rac8 20.Bd2 Qe7 21.Qb3 Rc7 22.Kf2 Bc8
23.h6 Ne6 24.Nf5 gxf5 25.gxf5+ Kh8 26.fxe6 Qxe6 27.Rh1 Rg8 28.Rxg8+ Nxg8
29.Qd1 f5 30.Qg1 Qf6 31.Qg3 Qe7 32.e4 fxe4 33.Bf4 exd3 34.Be5+ Nf6 35.Qg5 Rc2+
36.Kg3 Rc6 37.Rc1  1-0

[Event "Mitropa Cup"]
[Site "Chur SUI"]
[Date "2010.06.01"]
[Round "4"]
[White "Zorko,Ju"]
[Black "Buss,Ra"]
[Result "1/2-1/2"]
[WhiteElo "2440"]
[BlackElo "2430"]

1.d4 Nf6 2.c4 e6 3.Nc3 Bb4 4.f3 d5 5.a3 Bxc3+ 6.bxc3 c5 7.cxd5 Nxd5 8.dxc5 Qa5
9.e4 Nf6 10.Be3 Nfd7 11.Qb3 Qc7 12.Bb5 O-O 13.Qb4 Nc6 14.Qa4 Nce5 15.Qd4 Nc6
16.Qa4 Nce5 17.Qd4 Nc6 18.Qa4  1/2-1/2

[Event "9th TCh-BIH Premier"]
[Site "Bihac BIH"]
[Date "2010.06.06"]
[Round "2"]
[White "Sutkovic,D"]
[Black "Tomic,Bos"]
[Result "1/2-1/2"]
[WhiteElo "2304"]
[BlackElo "2423"]

1.d4 Nf6 2.c4 e6 3.Nc3 Bb4 4.f3 d5 5.Qa4+ Nc6 6.a3 Be7 7.e3 O-O 8.f4 a6 9.c5 Ne4
10.Nxe4 dxe4 11.Ne2 f5 12.Nc3 g5 13.fxg5 Bxg5 14.g3 Qf6 15.Bg2 Qh6 16.Kf2 Bd7
17.h4 Bf6 18.Qc2 Kh8 19.Bd2 Ne7 20.Rag1 Bc6 21.h5 Rad8 22.Ne2 Nd5 23.Nf4 Nxf4
24.gxf4 Rg8 25.Qd1 Rg4 26.Bf1 Rdg8 27.Rxg4 Rxg4 28.Be2 Rg8 29.Bc3 Bd5 30.Qf1 Qg7  1/2-1/2

[Event "9th TCh-BIH Premier"]
[Site "Bihac BIH"]
[Date "2010.06.08"]
[Round "4"]
[White "Sutkovic,D"]
[Black "Bogosavljevic,B"]
[Result "0-1"]
[WhiteElo "2304"]
[BlackElo "2531"]

1.d4 Nf6 2.c4 e6 3.Nc3 Bb4 4.f3 c5 5.d5 exd5 6.cxd5 O-O 7.e4 Re8 8.Ne2 b5
9.Bd2 a6 10.a4 bxa4 11.Ng3 d6 12.Be2 Nbd7 13.O-O Ne5 14.f4 Ng6 15.Qc2 Bd7
16.Bf3 Rb8 17.Rfe1 Ba5 18.f5 Ne5 19.Bg5 c4 20.Kh1 Nd3 21.Reb1 Qb6 22.Bxf6 Nf2+
23.Kg1 Nxe4+ 24.Kh1 Nf2+ 25.Kg1 Nd1+  0-1

[Event "9th TCh-BIH Premier"]
[Site "Bihac BIH"]
[Date "2010.06.10"]
[Round "6"]
[White "Sutkovic,D"]
[Black "Kajevic,Dzevad"]
[Result "1-0"]
[WhiteElo "2304"]
[BlackElo "2124"]

1.d4 Nf6 2.c4 e6 3.Nc3 Bb4 4.f3 c6 5.e4 d6 6.Be3 Nbd7 7.a3 Bxc3+ 8.bxc3 e5
9.Bd3 O-O 10.Ne2 Re8 11.O-O a6 12.Kh1 b5 13.cxb5 axb5 14.a4 bxa4 15.Rxa4 Rxa4
16.Qxa4 Qc7 17.Rb1 Nf8 18.c4 Bd7 19.Qa3 Rb8 20.c5 d5 21.Rxb8 Qxb8 22.dxe5 Qxe5
23.Bd4 Qb8 24.Bxf6 gxf6 25.exd5 cxd5 26.Qc1 Qe5 27.c6 Bc8 28.f4 Qd6 29.Nd4 Qb4
30.Nf5 Ng6 31.g3 Kf8 32.Kg2 h5 33.Qc2 h4 34.c7 h3+ 35.Kxh3 Ne7 36.Kg2 d4
37.Nxe7 Kxe7 38.h4 Qb7+ 39.Be4 Qb5 40.Bd3 Qb7+ 41.Be4 Qb5 42.f5 Kf8 43.Kh2 Kg7
44.h5 Qf1 45.Qg2 Qc1 46.Qc2 Qg5 47.Bf3 Qe3 48.Kg2 d3 49.Qc3 Qg5 50.Qxd3 Bxf5
51.Qd5 Bc8 52.Qxg5+ fxg5 53.g4 f5 54.Kg3 Kh6 55.gxf5 Ba6 56.f6  1-0

[Event "14th Master Open"]
[Site "Voronezh RUS"]
[Date "2010.06.12"]
[Round "1"]
[White "Volkov,Sergey1"]
[Black "Zaiatz,E"]
[Result "1/2-1/2"]
[WhiteElo "2619"]
[BlackElo "2392"]

1.d4 Nf6 2.c4 e6 3.Nc3 Bb4 4.f3 d5 5.a3 Bxc3+ 6.bxc3 c5 7.cxd5 Nxd5 8.dxc5 Qa5
9.e4 Nf6 10.Be3 O-O 11.Kf2 Nfd7 12.Rb1 b6 13.cxb6 axb6 14.Bb5 Qxc3 15.a4 Qc7
16.Ne2 Ba6 17.Qd4 Bxb5 18.axb5 Nc5 19.Bf4 e5 20.Bg3 Rd8 21.Qc3 Nd3+ 22.Kg1 Qe7
23.h4 Ra3 24.Qc4 Qd7 25.Kh2 Rc8 26.Qd5 Qxd5 27.exd5 Nd7 28.Ra1 Rxa1 29.Rxa1 Kf8
30.Ra3 Rc2 31.Nd4 exd4 32.Rxd3 Rb2 33.Rxd4 Rxb5 34.d6 Ke8 35.Re4+ Kd8 36.Bf4 h5
37.Re7 Rf5 38.Kg3 g6 39.Bc1 Kc8 40.Kf2 Rf6 41.Ba3 Rf5  1/2-1/2

[Event "Open"]
[Site "Teplice CZE"]
[Date "2010.06.16"]
[Round "5"]
[White "Kantorik,M"]
[Black "Chmelik,J"]
[Result "1-0"]
[WhiteElo "2390"]
[BlackElo "2096"]

1.d4 Nf6 2.c4 e6 3.Nc3 Bb4 4.f3 d5 5.a3 Bxc3+ 6.bxc3 O-O 7.e3 c5 8.cxd5 exd5
9.Bd3 b6 10.Ne2 Ba6 11.O-O Bxd3 12.Qxd3 Re8 13.Ng3 Nc6 14.Bb2 Rc8 15.Rae1 c4
16.Qc2 b5 17.e4 a5 18.e5 Nd7 19.f4 Re6 20.f5 Rh6 21.Bc1 Rxh2 22.f6 gxf6 23.Kxh2 fxe5
24.Nf5 Kh8 25.Bh6 e4 26.Qe2 Nf8 27.Qh5 Ng6 28.Kg1 Rc7 29.Bg7+ Kg8 30.Bf6  1-0

[Event "14th FIDE Open"]
[Site "Voronezh RUS"]
[Date "2010.06.16"]
[Round "5"]
[White "Napalkov,V"]
[Black "Zakhartsova,I"]
[Result "1-0"]
[WhiteElo "2183"]
[BlackElo "1953"]

1.d4 Nf6 2.c4 e6 3.Nc3 Bb4 4.f3 c5 5.d5 d6 6.e4 e5 7.Bd3 Bxc3+ 8.bxc3 O-O
9.Ne2 Re8 10.O-O Nbd7 11.Bc2 Nf8 12.Ba4 Bd7 13.Bxd7 N6xd7 14.Ng3 g6 15.Bh6 Qh4
16.Qd2 Qe7 17.a4 Reb8 18.Rfb1 Nb6 19.Qe2 Qh4 20.Be3 f5 21.a5 f4 22.axb6 axb6
23.Nf1 fxe3 24.Nxe3 Nd7 25.Qb2 Qg5 26.Nf1 Qd8 27.Qd2 Ra6 28.Ra2 Rba8 29.Rab2 Ra4
30.Ne3 R8a6 31.Qf2 Ra3 32.Rc2 Ra1 33.Rbc1 Qa8 34.h4 Rxc1+ 35.Rxc1 Ra1 36.Rf1 Rxf1+
37.Nxf1 Qa1 38.Qe3 Nf6 39.g4 Kg7 40.Qd2 Qb1 41.Kf2 h5 42.g5 Nxe4+ 43.fxe4 Qxe4
44.Ng3 Qxh4 45.Qe3 Qh2+ 46.Ke1 h4 47.Ne4 Qh1+ 48.Kd2  1-0

[Event "14th Master Open"]
[Site "Voronezh RUS"]
[Date "2010.06.19"]
[Round "7"]
[White "Nikolaeva,A2"]
[Black "Dogodkina,J"]
[Result "1/2-1/2"]
[WhiteElo "2208"]
[BlackElo "2066"]

1.d4 Nf6 2.c4 e6 3.Nc3 Bb4 4.f3 d5 5.a3 Bxc3+ 6.bxc3 O-O 7.cxd5 exd5 8.e3 Re8
9.Bd3 c5 10.Ne2 c4 11.Bc2 Nc6 12.O-O Na5 13.Ng3 h5 14.Re1 h4 15.Nf1 Qc7 16.Rb1 Nb3
17.h3 Nxc1 18.Qxc1 Nh5 19.e4 Be6 20.Qg5 Nf4 21.e5 Nd3 22.f4 Nxe1 23.Rxe1 Qe7
24.Qh5 g6 25.Qh6 a5 26.Ne3 Ra6 27.f5 Bxf5 28.Nxf5 gxf5 29.Qh5 Qxa3 30.Bxf5 Qxc3
31.Qh7+ Kf8 32.Qh8+ Ke7  1/2-1/2

[Event "Sveins Minneturnering"]
[Site "Oslo NOR"]
[Date "2010.06.21"]
[Round "6"]
[White "Grotnes,N"]
[Black "Gershenov,B"]
[Result "1/2-1/2"]
[WhiteElo "2223"]
[BlackElo "2061"]

1.d4 Nf6 2.c4 e6 3.Nc3 Bb4 4.f3 O-O 5.e4 d5 6.Be3 Bxc3+ 7.bxc3 dxe4 8.fxe4 Nxe4
9.Bd3 f5 10.Qc2 b6 11.Bxe4 Qh4+ 12.Bf2 Qxe4+ 13.Qxe4 fxe4 14.Bg3 Ba6 15.Nh3 Bxc4
16.Kd2 Bd5 17.Rhe1 Nd7 18.Bxc7 Nf6 19.Nf2 Bb7 20.Bd6 Rf7 21.a4 Rc8 22.Bg3 h5
23.a5 g5 24.axb6 axb6 25.Rab1 g4 26.Bh4 e3+ 27.Rxe3 Bxg2 28.Rxe6 Nd5 29.Re5 Rfc7
30.Rxh5 Rxc3 31.Rg5+ Kf7 32.Rb2 R8c4 33.Nxg4 Rxd4+ 34.Ke1 Nf4 35.Ne5+ Ke6
36.Rxb6+ Rd6 37.Rxd6+ Kxd6 38.Bg3 Ne6 39.Rg4 Kd5 40.Ng6 Be4 41.Ne7+ Kd4 42.Bf2+ Ke5
43.Bg3+ Kd4 44.Bf2+  1/2-1/2

[Event "70th ch-ITA S/F"]
[Site "Torino ITA"]
[Date "2010.06.21"]
[Round "2"]
[White "Genocchio,D"]
[Black "Contin,D"]
[Result "1-0"]
[WhiteElo "2438"]
[BlackElo "2307"]

1.d4 Nf6 2.c4 e6 3.Nc3 Bb4 4.f3 c5 5.d5 b5 6.e4 bxc4 7.Bxc4 Nxd5 8.Bxd5 exd5
9.Qxd5 Nc6 10.Ne2 Qh4+ 11.Ng3 Qf6 12.O-O O-O 13.Be3 Ba6 14.Rfd1 Nd4 15.Rac1 d6
16.a3 Bxc3 17.Rxc3 Nb5 18.Rc2 Rab8 19.a4 Bb7 20.Qf5 Qxf5 21.Nxf5 Nc7 22.Rxd6 Ne6
23.Bxc5 g6 24.Nh6+ Kg7 25.Rxe6 Rfc8 26.Re7 Kxh6 27.Be3+ Kg7 28.Rxb7  1-0

[Event "1st Open"]
[Site "Marrakesh MAR"]
[Date "2010.06.26"]
[Round "2"]
[White "Ulibin,M"]
[Black "Bentefrit,S"]
[Result "1-0"]
[WhiteElo "2532"]
[BlackElo "2199"]

1.d4 Nf6 2.c4 e6 3.Nc3 Bb4 4.f3 d5 5.a3 Bxc3+ 6.bxc3 c5 7.cxd5 exd5 8.e3 O-O
9.Bd3 Re8 10.Ra2 Nc6 11.Ne2 Qc7 12.Kf2 Bd7 13.g4 h6 14.Nf4 c4 15.Bb1 Ne7
16.h4 g6 17.g5 hxg5 18.hxg5 Nh7 19.Qg1 Kg7 20.Qh2 Nxg5 21.Nh5+ gxh5 22.Qxc7  1-0

[Event "King's Gambit A"]
[Site "Lipetsk RUS"]
[Date "2010.06.27"]
[Round "5"]
[White "Ovod,E"]
[Black "Zontakh,A"]
[Result "0-1"]
[WhiteElo "2418"]
[BlackElo "2532"]

1.d4 Nf6 2.c4 e6 3.Nc3 Bb4 4.f3 d5 5.a3 Bd6 6.Bg5 h6 7.Bh4 Be7 8.e3 O-O 9.cxd5 Nxd5
10.Bf2 c5 11.Nxd5 exd5 12.Bd3 cxd4 13.exd4 Bh4 14.Ne2 Bxf2+ 15.Kxf2 Nc6 16.Bc2 Qh4+
17.g3 Qf6 18.Qd3 g6 19.Qd2 Bg4 20.Qf4 Qxf4 21.gxf4 Bd7 22.h4 Ne7 23.Nc3 h5
24.Rae1 Rfe8 25.Rhg1 Kf8 26.Rg5 Bf5 27.Bxf5 Nxf5 28.Rxe8+ Rxe8 29.Nxd5 Nxd4
30.Ne3 Ne6 31.Rb5 b6 32.f5 Nc5 33.fxg6 fxg6 34.Ke2 Rd8 35.b4 Nd3 36.Rg5 Nf4+
37.Kf2 Rd3 38.Re5 Rxa3 39.Re4 Ra2+ 40.Kg3 Ne2+ 41.Kh3 Rd2 42.Nf1 Rb2 43.Rc4 a5
44.bxa5 bxa5 45.Ra4 Rb5 46.Nd2 Nc3 47.Ra3 Nd5 48.Nc4 Nf4+ 49.Kg3 Ne2+ 50.Kh3 Nd4
51.Nxa5 Rf5 52.Kg3 Rc5 53.Nb3 Nf5+ 54.Kf4 Rb5 55.Nd2 Nxh4 56.Ne4 Kg7 57.Nd6 Rb4+
58.Kg3 g5 59.Ra6 Rb3 60.Kh2 Nxf3+ 61.Kg2 Nh4+ 62.Kh2 g4 63.Ne4 Nf3+ 64.Kg2 h4
65.Nf2 h3+ 66.Kg3 Ne5+ 67.Kf4 Rf3+ 68.Kxe5 Rxf2 69.Ra4 Rg2 70.Kf4 h2 71.Ra7+ Kf8
72.Rh7 g3 73.Kf3 Rg1  0-1

[Event "5th Open"]
[Site "Wroclaw POL"]
[Date "2010.06.28"]
[Round "3"]
[White "Sieciechowicz,M"]
[Black "Balogh,C"]
[Result "0-1"]
[WhiteElo "2427"]
[BlackElo "2621"]

1.d4 Nf6 2.c4 e6 3.Nc3 Bb4 4.f3 Nc6 5.e4 d5 6.e5 Ng8 7.a3 Bxc3+ 8.bxc3 dxc4
9.Nh3 Na5 10.Qa4+ c6 11.Rb1 b5 12.Qc2 Nb3 13.Bg5 f6 14.Bh4 g5 15.Bg3 f5 16.f4 g4
17.Nf2 Qa5 18.Rxb3 cxb3 19.Qxb3 Ne7 20.Nd3 Nd5 21.Kd2 Kf7 22.h3 gxh3 23.Rxh3 Ba6
24.Be2 Rag8 25.Nc5 Bc8 26.Bh5+ Kf8 27.Bf3 Rg6 28.Bh2 Kg7 29.Bh5 Rxg2+ 30.Ke1 Rg8
31.Kf1 Kf8 32.Be2 R8g7 33.a4 Kg8 34.Ke1 Kh8 35.Bf1 Rxh2 36.Rxh2 Nxc3 37.Rd2 bxa4
38.Qb8 Rg8 39.Kf2 Qd8 40.Kf3 Qd5+ 41.Kf2 Qh1 42.Rd3 Qh4+ 43.Ke3 Qe1+  0-1

[Event "IsBank TCh-TUR"]
[Site "Konya TUR"]
[Date "2010.07.01"]
[Round "4"]
[White "Erdogan,H"]
[Black "Aydogdu,A"]
[Result "1-0"]
[WhiteElo "2271"]
[BlackElo "2083"]

1.d4 Nf6 2.c4 e6 3.Nc3 Bb4 4.f3 d5 5.a3 Bxc3+ 6.bxc3 O-O 7.cxd5 exd5 8.e3 c5
9.Bd3 Nc6 10.Ne2 Re8 11.O-O Na5 12.Ng3 Nc4 13.e4 cxd4 14.cxd4 Qb6 15.Bxc4 dxc4
16.Kh1 Bd7 17.Qd2 Qb3 18.Bb2 Qd3 19.Qc1 Ba4 20.Rf2 Re6 21.Nf5 Rb6 22.Rd2 Qb3
23.d5 Bd7 24.Bd4 Bxf5 25.Bxb6 Bxe4 26.Bd4 Bd3 27.Rb2 Qa4 28.Rxb7 Qa6 29.Qb2 Qd6
30.Be5 Qxd5 31.Rb8+ Ne8 32.Re1 f6 33.Bxf6 Rxb8 34.Qxb8 gxf6 35.Qxe8+ Kg7
36.Re7+ Kh6 37.Qf8+ Kg5 38.h4+ Kxh4 39.Qh6+ Kg3 40.Qh2+ Kf2 41.g3+  1-0

[Event "XXXIII Open"]
[Site "Barbera del Valles ESP"]
[Date "2010.07.07"]
[Round "4"]
[White "Silva Rodriguez,F"]
[Black "Colon Garcia,E"]
[Result "0-1"]
[WhiteElo "2115"]
[BlackElo "2314"]

1.d4 Nf6 2.c4 e6 3.Nc3 Bb4 4.f3 O-O 5.a3 Bxc3+ 6.bxc3 Ne8 7.a4 f5 8.Nh3 b6
9.e3 Ba6 10.a5 Nc6 11.axb6 axb6 12.Bd3 Na5 13.O-O c5 14.e4 Qc8 15.Qe2 cxd4
16.cxd4 Nb3 17.Rb1 Nxd4 18.Qb2 e5 19.Be3 Bxc4 20.Rfc1 b5 21.Bxd4 exd4 22.Qxd4 fxe4
23.fxe4 Kh8 24.e5 Nc7 25.Ng5 Ne6 26.Nxe6 dxe6 27.Qh4 h6 28.Bxc4 Qc5+ 29.Kh1 Rac8
30.Qg4 bxc4 31.Rb7 Qxe5 32.Re7 Rf5 33.Qg6 Qb2 34.Rg1 Qf6 35.Rxe6 Qxg6 36.Rxg6 c3
37.g4 Rf2 38.Rc1 c2 39.Re6 Rd8 40.Ree1 Rdd2 41.h3 Rh2+ 42.Kg1 Rxh3 43.Re4 Rd1+
44.Re1 Rxe1+ 45.Rxe1 Rd3 46.Kf2 Rd1  0-1